LEADER 00772nam a2200193 i 4500 001 000000026356 003 CaOOAMICUS 005 20180830125447.0 008 180830s1857 it u000 u ita u 040 $aSeMil$bita 100 1 $aFoscolo, Ugo,$d<1778-1827>.$0(OLS)http://semarc/name/1241 245 10$aProse varie /$cdi Ugo Foscolo. 260 $aTorino :$bSoc. Ed. italiana di M. Guigoni,$c1857. 300 $a2 v. ;$c16 cm. 774 0 $aSterne, Laurence <1713-1768>$tViaggio sentimentale di Yorick.$dTorino : Soc. Ed. italiana di M. Guigoni, 1857.$g1$w()211310 900 0 $aDidimo : Chierico. 996 $6245$aProse varie$9(OLS)http://semarc/title/34597 996 $6260$aTorino :$bSoc. Ed. italiana di M. Guigoni$9(OLS)http://semarc/publisher/36478 LEADER 01118nam a2200241 i 4500 001 000000125833 003 CaOOAMICUS 005 20080731000000.0 008 080731s1962 it u000 u ita u 013 $a98534 040 $aSeMil$bita 100 1 $aHegel, Georg Wilhelm Friederich,$d<1770-1831>.$0(OLS)http://semarc/name/642 245 10$aScritti di filosofia del diritto :$b1802-1803 /$cG.W.F. Hegel ; a cura di Antonio Negri. 260 $aBari :$bLaterza,$c1962. 300 $aXIX, 256 p. ;$c21 cm. 490 0 $aClassici della filosofia moderna : collana di testi e di traduzioni 650 4$aHegel, Georg Wilhelm Friedrich <1770-1831> - Filosofia del diritto.$0(OLS)http://semarc/subject/13571 700 1 $aNegri, Antonio.$0(OLS)http://semarc/name/41354 830 0$aClassici della filosofia moderna.$0(OLS)http://semarc/title/6919 850 $aSeMil 852 $aSeMil$W1$xVenegono$y1$m2P III 653$j80234$B80234$CSeMilBibl$Z2$F82439 $81 996 $6245$aScritti di filosofia del diritto :$b1802-1803$9(OLS)http://semarc/title/185350 996 $6260$aBari :$bLaterza$9(OLS)http://semarc/publisher/29858